[Event "CCM7 - 14. ORDIX Open"]
[Site "Chess Classic Mainz"]
[Date "2007.??.??"]
[Round "6"]
[White "Mamedyarov, Shakhriyar"]
[Black "Navara, David"]
[Result "0-1"]
[WhiteElo "2704"]
[BlackElo "2788"]
[Annotator "Chess Tigers / Mike Rosa"]
[PlyCount "88"]
[EventDate "2007.??.??"]

1. d4 d5 2. c4 c6 3. Nc3 Nf6 4. e3 e6 5. Nf3 a6 6. Qc2 c5 7. cxd5 exd5 8. Be2
Nc6 9. O-O Be6 10. Rd1 Nb4 11. Qd2 Ne4 12. Nxe4 dxe4 13. Ne5 cxd4 14. exd4 Bd6
15. a3 Nd5 16. Qc2 f5 17. f3 Bxe5 18. dxe5 Qb6+ 19. Kh1 Rc8 20. Qa4+ Qc6 21.
Qd4 Qc2 22. fxe4 fxe4 23. Bd2 O-O 24. Rac1 Qb3 25. Rxc8 Rxc8 26. Qxe4 Qxb2 27.
Bc4 Nf4 28. Bxe6+ Nxe6 29. Qd5 Rc6 30. Bb4 Qe2 31. h3 h6 32. Re1 Qc4 33. Qd7
Nf4 34. Bd2 Nd3 35. Rf1 Nxe5 36. Qe8+ Kh7 37. Rf8 Ng6 38. Rf7 Qe6 39. Qxe6 Rxe6
40. Rxb7 Re7 41. Rb6 Re2 42. Bc3 Nf4 43. Rb4 $4 {Kombination der Woche #1 -
Nach diesem schweren Fehler ließ sich David Navara nicht lange bitten und
schlug zu. Doch so folgte} ({Einfach} 43. Rxa6 $16 {und Weiß wäre jenseits
jeglicher Verlustgefahr gewesen.}) 43... Nd5 $1 $18 {und Weiß gab auf. Wie er
sich auch dreht und wendet, er verliert seinen Läufer.} 44. Rc4 (44. Rb3 Re3
$19) 44... Rc2 $19 0-1

[Event "CCM7 - 14. ORDIX Open"]
[Site "Chess Classic Mainz"]
[Date "2007.??.??"]
[Round "7"]
[White "Karjakin, Sergey"]
[Black "Meijers, Viesturs"]
[Result "1-0"]
[WhiteElo "2644"]
[BlackElo "2430"]
[Annotator "Chess Tigers / Mike Rosa"]
[PlyCount "93"]
[EventDate "2007.??.??"]

1. e4 e5 2. Nf3 Nf6 3. Nxe5 d6 4. Nf3 Nxe4 5. d4 d5 6. Bd3 Bd6 7. O-O O-O 8. c4
c6 9. Qc2 Na6 10. a3 Bg4 11. Ne5 Bf5 12. b4 f6 13. Nf3 Bg6 14. Nc3 Nxc3 15.
Bxg6 hxg6 16. Qxc3 dxc4 17. Qxc4+ Kh7 18. b5 cxb5 19. Qxb5 Rb8 20. Qd3 Nc7 21.
Nh4 f5 22. Qh3 f4 23. Bd2 Rf7 24. Nf3+ Kg8 25. Qg4 Rf6 26. Rfe1 Nd5 27. Re4 Qc8
28. Qh4 Rf5 29. Ng5 Nf6 30. Rae1 Rxg5 31. Qxg5 Nxe4 32. Qd5+ Kh7 33. Qxe4 Qf5
34. Qf3 b5 35. Bb4 Bxb4 36. axb4 Rd8 37. Rd1 Qh5 38. Qd3 Qf5 39. Qe2 Qh5 40. f3
Qd5 41. h4 Kh6 42. Qe4 Qd6 43. d5 g5 44. Qf5 gxh4 $4 {Kombination der Woche #2}
45. Re1 $1 $18 {Schwarz versuchte zwar noch, sich mit} Qb6+ 46. Kh2 Rd6 {vor
Te6+ zu schützen, doch dafür kann er nach} 47. Re8 $5 {mit Mattdrohung
selbigen dennoch nicht verhindern, da 47...Rd8 praktisch erzwungen ist.} ({Das
Sahnehäubchen auf der Kombination wäre jedoch das erzwungene Matt nach} 47. Re5
$1 {gewesen.}) 1-0

[Event "CCM7 - 14. ORDIX Open"]
[Site "Chess Classic Mainz"]
[Date "2007.??.??"]
[Round "9"]
[White "Meinhardt, Maximilian"]
[Black "Sasikiran, Krishnan"]
[Result "0-1"]
[WhiteElo "2341"]
[BlackElo "2691"]
[Annotator "Chess Tigers / Mike Rosa"]
[PlyCount "64"]
[EventDate "2007.??.??"]

1. e4 c5 2. Nc3 a6 3. g3 b5 4. Bg2 Bb7 5. d3 e6 6. f4 d5 7. e5 Nh6 8. Nf3 Nf5
9. Qe2 Nc6 10. Qf2 h5 11. O-O Qc7 12. Ne2 d4 13. Bd2 Be7 14. a4 b4 15. h3 O-O-O
16. Rfc1 c4 17. Be1 c3 18. bxc3 dxc3 19. Kh2 Rd5 20. Qg1 f6 21. exf6 gxf6 22.
Bf2 Rg8 23. Ne1 Qd7 24. d4 Rd8 25. Rd1 Na5 26. Nd3 Nc4 27. Bf3 a5 28. Bxh5 Nxd4
29. Nxd4 Rxh5 30. Nb5 $4 {Kombination der Woche #3} ({Auch nach dem besseren} 
30. g4 $142 {ist nach} Rh7 {der schwarze Vorteil deutlich, doch nach dem
Partiezug wird der Anziehende forciert matt.}) 30... Rxh3+ $3 31. Kxh3 Rh8+ {
Weiß gab wegen} 32. Kg4 f5# {auf.} 0-1

[Event "CCM7 - 14. ORDIX Open"]
[Site "Chess Classic Mainz"]
[Date "2007.??.??"]
[Round "3"]
[White "Shirov, Alexei"]
[Black "Troyke, Christian"]
[Result "1-0"]
[WhiteElo "2681"]
[BlackElo "2351"]
[Annotator "Chess Tigers / Mike Rosa"]
[PlyCount "63"]
[EventDate "2007.??.??"]

1. e4 c5 2. Nf3 g6 3. d4 cxd4 4. Nxd4 Bg7 5. Nc3 Nc6 6. Be3 Nf6 7. Bc4 Qa5 8.
O-O O-O 9. Nb3 Qc7 10. f4 d6 11. Be2 b6 12. Bf3 Ba6 13. Re1 Rac8 14. Bf2 Rfd8
15. Bh4 e6 16. a4 Rd7 17. Nb5 Bxb5 18. axb5 Ne7 19. c3 d5 20. e5 Ne4 21. Bxe7
Rxe7 22. Bxe4 dxe4 23. Rxe4 g5 24. fxg5 Bxe5 25. Qh5 f5 26. gxf6 Bxf6 27. Rf1
Rf8 28. Qg4+ Bg7 29. Rxf8+ Kxf8 30. Rxe6 Rd7 $4 {Kombination der Woche #4 -
Natürlich steht Schwarz vermutlich auf Verlust, doch mit seinem letzten Zug
gibt er seinem Gegner die Gelegenheit zu einer Mattkombination. Ein Taktiker
wie Shirov lässt sich da natürlich nicht nochmals bitten:} 31. Qf3+ $1 Rf7 (
31... Kg8 32. Re8+ Bf8 33. Qxf8#) (31... Bf6 32. Qxf6+ Kg8 33. Re8#) 32. Qa8+
$18 {nebst Matt im nächsten Zug.} 1-0

[Event "CCM7 - 14. ORDIX Open"]
[Site "Chess Classic Mainz"]
[Date "2007.??.??"]
[Round "11"]
[White "Bologan, Viorel"]
[Black "Doettling, Fabian"]
[Result "1-0"]
[WhiteElo "2711"]
[BlackElo "2576"]
[Annotator "Chess Tigers / Mike Rosa"]
[PlyCount "95"]
[EventDate "2007.??.??"]

1. e4 c6 2. d4 d5 3. e5 Bf5 4. Nf3 e6 5. Be2 Nd7 6. O-O Bg6 7. Nbd2 Nh6 8. Nb3
Nf5 9. g3 a6 10. Ne1 c5 11. c3 Rc8 12. Ng2 cxd4 13. cxd4 Ne7 14. Bd3 Nc6 15. f4
Bxd3 16. Qxd3 Qb6 17. Be3 Qb5 18. Qd1 f5 19. g4 Be7 20. gxf5 exf5 21. a4 Qb6
22. Bf2 O-O 23. Ne3 Nb4 24. Be1 Qg6+ 25. Kh1 Nb6 26. Bxb4 Bxb4 27. Qf3 Rfd8 28.
a5 Nc4 29. Nxd5 Bf8 30. Rac1 Qe6 31. Nb6 Nxb6 32. axb6 Rxc1 33. Rxc1 Qxb6 34.
d5 a5 35. d6 a4 36. Nc5 Qxb2 37. Rg1 a3 38. Ne6 Rd7 $6 {Kombination der Woche
#5 - Mit seinem letzten Zug erlaubte der junge deutsche GM seinem bekannten
Gegner in ohnehin prekärer Lage eine schöne Kombination. Haben Sie auch
gesehen, dass er nach} 39. Qd5 $1 $18 {zwingend Material verliert?} Kh8 (39...
g6 40. Nc5+ Rf7 41. d7 $18) 40. Nxf8 a2 41. Nxd7 a1=Q 42. Rxa1 Qxa1+ 43. Kg2
Qb2+ 44. Kh3 Qc3+ 45. Kg2 Qc2+ 46. Kg3 Qc3+ 47. Qf3 Qe1+ 48. Kh3 1-0

[Event "CCM7 - 14. ORDIX Open"]
[Site "Chess Classic Mainz"]
[Date "2007.??.??"]
[Round "11"]
[White "Navara, David"]
[Black "Sasikiran, Krishnan"]
[Result "0-1"]
[WhiteElo "2788"]
[BlackElo "2691"]
[Annotator "Chess Tigers / Mike Rosa"]
[PlyCount "40"]
[EventDate "2007.??.??"]

1. d4 d5 2. Nf3 Nf6 3. c4 dxc4 4. e3 a6 5. Bxc4 e6 6. O-O c5 7. a4 Nc6 8. Qe2
Be7 9. Rd1 cxd4 10. exd4 O-O 11. Nc3 Nd5 12. Qe4 Nf6 13. Qh4 Nd5 14. Qg3 Bd6
15. Ne5 $4 {Kombination der Woche #6 - Ein seltener Anblick - ein Spieler der
erweiterten Weltspitze läuft nach nur 15 Zügen in eine bekannte
Eröffnungsfalle. Haben Sie herausgefunden, dass Schwarz mit} Nxc3 $1 $19 {
einfach eine Figur gewinnt?} 16. Bh6 (16. bxc3 Bxe5 17. dxe5 Qxd1+ $19) 16...
Qf6 $1 $19 17. Ng4 Qg6 18. Qxd6 (18. Qxc3 Qxg4 $19) 18... Nxd1 19. Rxd1 Qxg4
20. Rd3 Rd8 0-1

[Event "CCM7 - 14. ORDIX Open"]
[Site "Chess Classic Mainz"]
[Date "2007.??.??"]
[Round "7"]
[White "Seel, Christian"]
[Black "Volokitin, Andrei"]
[Result "1-0"]
[WhiteElo "2502"]
[BlackElo "2628"]
[Annotator "Chess Tigers / Mike Rosa"]
[PlyCount "53"]
[EventDate "2007.??.??"]

1. Nf3 c5 2. c4 Nc6 3. Nc3 e5 4. e3 f5 5. d4 e4 6. d5 Nb8 7. Nd2 Nf6 8. f3 exf3
9. Qxf3 d6 10. Bd3 g6 11. e4 Nbd7 12. exf5 Ne5 13. Qe2 Qe7 14. Bc2 Bg7 15. O-O
Bxf5 16. Bxf5 gxf5 17. Nf3 Nfg4 18. h3 Nxf3+ 19. Qxf3 Bd4+ 20. Kh1 Qh4 21. Qxf5
Nf2+ 22. Rxf2 Bxf2 23. Bg5 Qh5 24. Qe6+ Kf8 25. Rf1 Qf7 {Kombination der Woche
#7 - Richtig, nach} 26. Rxf2 $1 {strich Schwarz die Segel, denn auf} Qxf2 {
folgt} 27. Bh6# 1-0

[Event "CCM7 - 14. ORDIX Open"]
[Site "Chess Classic Mainz"]
[Date "2007.??.??"]
[Round "1"]
[White "Wahl, Frithjof"]
[Black "Sasikiran, Krishnan"]
[Result "0-1"]
[WhiteElo "2036"]
[BlackElo "2691"]
[Annotator "Chess Tigers / Mike Rosa"]
[PlyCount "58"]
[EventDate "2007.??.??"]

1. e4 c5 2. Nc3 a6 3. g3 b5 4. Bg2 Bb7 5. d3 g6 6. Nf3 Bg7 7. O-O d6 8. a4 b4
9. Ne2 Nd7 10. Rb1 e6 11. c4 Ne7 12. b3 Qc7 13. Qc2 O-O 14. Bb2 e5 15. Nd2 f5
16. f4 Rae8 17. Rbe1 Nf6 18. h3 fxe4 19. dxe4 Nc6 20. f5 Nd4 21. Bxd4 cxd4 22.
fxg6 hxg6 23. g4 Bh6 24. Qd3 Be3+ 25. Kh1 $2 {Kombination der Woche #8 -
Natürlich ließ sich der indische GM nicht lange bitten und bediente sich mit} (
25. Kh2 $142 Qh7 $40) 25... Nxg4 $1 $19 {, was dem Anziehenden nicht nur einen
Bauer kostete. Das Feld f2 ist so schwach, das Schwarz noch mehr Material
gewinnen wird, wie die folgenden Varianten beweisen.} 26. Nf3 (26. hxg4 $2 {
geht natürlich gar nicht, da nach} Qh7+ $19 {der Ofen sofort aus ist.}) ({Und
der Versuch, mit} 26. Qc2 {die drohende Gabel zu entschärfen, trägt nach} Nf2+
27. Kh2 d3 $19 {ebenfalls keine Früchte.}) 26... Qh7 (26... Nf2+ $144) 27. Ng3
$6 Nf2+ 28. Rxf2 Bxf2 29. Ng5 Qh4 {Weiß verliert weiteres Material und gab den
Widerstand auf.} 0-1

[Event "CCM7 - 14. ORDIX Open"]
[Site "Chess Classic Mainz"]
[Date "2007.??.??"]
[Round "10"]
[White "Balogh, Csaba"]
[Black "Mchedlishvili, Mikhail"]
[Result "0-1"]
[WhiteElo "2606"]
[BlackElo "2723"]
[Annotator "Chess Tigers / Mike Rosa"]
[PlyCount "62"]
[EventDate "2007.??.??"]

1. e4 c6 2. d4 d5 3. e5 Bf5 4. h4 Qb6 5. g4 Bd7 6. c3 c5 7. Bh3 h5 8. gxh5 Bxh3
9. Rxh3 e6 10. Na3 Nc6 11. Nc2 Nge7 12. a3 Nf5 13. Nf3 Rxh5 14. b4 cxd4 15.
Ncxd4 g6 16. Bg5 Nfxd4 17. cxd4 Be7 18. Rg3 a5 19. Qa4 Bxg5 20. Rxg5 Rxg5 21.
hxg5 Kf8 22. b5 Ne7 23. Rc1 Nf5 24. Rc5 Kg7 25. Kf1 Qd8 26. Qc2 Qh8 27. Rc7 {
Kombination der Woche #9 - Mit dem richtigen Schachgebot} Qh3+ $1 {gewinnt
Schwarz den weißen Springer!} ({Dagegen ist} 27... Qh1+ $6 {wegen} 28. Ng1 $17
{weniger überzeugend.}) 28. Ke2 Qg4 $1 $18 {/\Nxe4+ Die Fesselung des
Springers ist tödlich.} 29. Qd3 Rh8 $1 {Jetzt greifen alle schwarzen Kräfte an.
} 30. Rc3 (30. Rc1 Rh3 31. Rd1 Nh4 $19) 30... Rh3 31. Kd2 Nh4 {Weiß gab auf.}
0-1

[Event "CCM7 - 14. ORDIX Open"]
[Site "Chess Classic Mainz"]
[Date "2007.??.??"]
[Round "3"]
[White "Euler, Gerd"]
[Black "Grischuk, Alexander"]
[Result "0-1"]
[WhiteElo "2325"]
[BlackElo "2735"]
[Annotator "Chess Tigers / Mike Rosa"]
[PlyCount "58"]
[EventDate "2007.??.??"]

1. d4 Nf6 2. c4 e6 3. Nf3 d5 4. Nc3 c6 5. e3 a6 6. a4 c5 7. Bd3 Nc6 8. O-O dxc4
9. Bxc4 Be7 10. Qe2 O-O 11. Rd1 Qc7 12. h3 Rd8 13. Bb3 b6 14. d5 Na5 15. Ba2 c4
16. e4 Bb7 17. Bg5 exd5 18. exd5 Re8 19. Qc2 Rad8 20. Rac1 Nxd5 21. Bxe7 Qxe7
22. Re1 Qf6 23. Ne4 Qg6 24. Nh4 Nb4 25. Nxg6 Nxc2 26. Rxc2 Rxe4 27. Ne7+ Kf8
28. Rce2 {Kombination der Woche #10 - In ohnehin schlechter Stellung bietet
der Underdog seinem Gegner die Kehle und dieser beißt kräftig zu. Nach} Rxe2
29. Rxe2 {wählte Grischuk das "triviale"} Re8 $19 {, um den Springer
einzukassieren. Keineswegs schlechter wäre auch die Nebenlösung} (29... Rd1+
30. Kh2 Ra1 $19 {mit Gewinn des Läufers gewesen.}) 0-1

[Event "CCM7 - 14. ORDIX Open"]
[Site "Chess Classic Mainz"]
[Date "2007.??.??"]
[Round "2"]
[White "Lehmann, Andreas"]
[Black "Ivanchuk, Vassily"]
[Result "0-1"]
[WhiteElo "2341"]
[BlackElo "2772"]
[Annotator "Chess Tigers / Mike Rosa"]
[PlyCount "60"]
[EventDate "2007.??.??"]

1. e4 c5 2. Nf3 d6 3. Bb5+ Nd7 4. O-O Ngf6 5. Re1 a6 6. Bf1 b6 7. d4 cxd4 8.
Nxd4 Bb7 9. Nc3 e6 10. Kh1 Rc8 11. f4 Rxc3 12. bxc3 Nxe4 13. Rxe4 Bxe4 14. Bd3
Qa8 15. Qe2 Bxd3 16. cxd3 Be7 17. Ba3 Qd5 18. f5 e5 19. Nf3 O-O 20. Nd2 Nf6 21.
Nc4 b5 22. Nxe5 Re8 23. Nf3 Bf8 24. Qd2 Qxf5 25. Nd4 Qd5 26. Rf1 Ng4 27. Qf4 $4
{Kombination der Woche #11 - Einen Bauer hatte der Top-GM dem Amateur bereits
abgeluchst, doch nun bietet sich die Chance, dem Treiben ein rasches Ende zu
setzen.} Ne3 $1 $18 {Aus die Maus!} 28. Rf3 ({Auch das bessere} 28. Rg1 {
bringt wegen} Nxg2 29. Rxg2 $2 Re1+ $19 {nichts.}) 28... Qxa2 29. Ne2 Nxg2 {Da
hatte Weiß genug gesehen und gab auf.} 30. Kxg2 Rxe2+ 0-1

[Event "CCM7 - 14. ORDIX Open"]
[Site "Chess Classic Mainz"]
[Date "2007.??.??"]
[Round "2"]
[White "Mamedyarov, Shakhriyar"]
[Black "Schindler, Samuel"]
[Result "1-0"]
[WhiteElo "2704"]
[BlackElo "2190"]
[Annotator "Chess Tigers / Mike Rosa"]
[PlyCount "63"]
[EventDate "2007.??.??"]

1. e4 g6 2. d4 Bg7 3. Nf3 d6 4. Nc3 Nf6 5. Bg5 h6 6. Bf4 O-O 7. Qd2 Kh7 8. Bd3
Bg4 9. h4 Bxf3 10. gxf3 Nh5 11. Be3 e5 12. dxe5 dxe5 13. O-O-O Nc6 14. Bc5 Nd4
15. Bxf8 Qxf8 16. Qe3 Nf4 17. Nd5 Ng2 18. Qd2 c6 19. c3 Ne6 20. Ne3 Ngf4 21.
Bc4 Rd8 22. Qc2 h5 23. Bxe6 Nxe6 24. Ng2 Bh6+ 25. Kb1 Nf4 26. Nxf4 Bxf4 27. a4
Kg7 28. a5 Qe7 29. Qb3 Bd2 30. Kc2 Qd7 {/\Qd3# Kombination der Woche #13 - Nur
mit} 31. Qc4 $1 $18 {konnte Weiß umgehend die Partie zu seinen Gunsten
entscheiden. Gegen baldiges Qe2 nebst Verlust des Läufers kann Schwarz nichts
mehr erfinden. Es folgte noch} ({Dagegen wäre der Gewinn nach beispielsweise} 
31. Kb1 $2 Qe7 {noch in weiter Ferne.}) 31... b5 32. Qe2 {und der Amateur
streckte die Waffen.} 1-0

[Event "CCM7 - 14. ORDIX Open"]
[Site "Chess Classic Mainz"]
[Date "2007.??.??"]
[Round "2"]
[White "Krings, Christoph"]
[Black "Shirov, Alexei"]
[Result "0-1"]
[WhiteElo "2232"]
[BlackElo "2681"]
[Annotator "Chess Tigers / Mike Rosa"]
[PlyCount "44"]
[EventDate "2007.??.??"]

1. d4 Nf6 2. Nf3 e6 3. g3 c5 4. Bg2 cxd4 5. O-O d5 6. Nxd4 e5 7. Nf3 Nc6 8. c4
d4 9. Bg5 Be7 10. Nbd2 O-O 11. a3 a5 12. b3 Nd7 13. Bxe7 Qxe7 14. Qc2 f5 15.
Rfc1 e4 16. Ne1 Nde5 17. f4 Ng4 18. Nf1 d3 19. exd3 {Kombination der Woche #14
- Richtig, nach einfach} Qc5+ $18 {streckte Weiß umgehend die Waffen. Nach} 20.
Kh1 Nf2+ {bleibt nur der Verlust der Dame oder das Matt nach} 21. Kg1 Nh3+ 22.
Kh1 Qg1# 0-1

[Event "CCM7 - 14. ORDIX Open"]
[Site "Chess Classic Mainz"]
[Date "2007.??.??"]
[Round "3"]
[White "Kamsky, Gata"]
[Black "Brühl, Andreas"]
[Result "1-0"]
[WhiteElo "2705"]
[BlackElo "2318"]
[Annotator "Chess Tigers / Mike Rosa"]
[PlyCount "103"]
[EventDate "2007.??.??"]

1. e4 e5 2. Nf3 Nc6 3. Bb5 a6 4. Ba4 Nf6 5. O-O Nxe4 6. d4 b5 7. Bb3 d5 8. dxe5
Be6 9. Be3 Be7 10. c3 Qd7 11. Nbd2 Nc5 12. Bc2 Bg4 13. h3 Bh5 14. Bxc5 Bxc5 15.
Re1 O-O 16. Qb1 Bg6 17. Bxg6 fxg6 18. Qd3 Nd8 19. Ne4 Bb6 20. Rad1 Ne6 21. Qxd5
Qxd5 22. Rxd5 Nf4 23. Rd2 Nxh3+ 24. Kf1 Rae8 25. Nd4 Nf4 26. g3 Nh5 27. g4 Nf4
28. Ng5 h6 29. Ngf3 c5 30. Nc6 c4 31. Re4 Nd3 32. Nfd4 Nc5 33. Ree2 Rf4 34. f3
g5 35. Kg2 Nd3 36. Nf5 g6 37. Nfe7+ Kg7 38. Nd5 Bc5 39. b4 Bf8 40. e6 Bd6 41.
Nxf4 Nxf4+ 42. Kf2 Nxe2 43. Rxd6 Nxc3 44. a3 Nb1 45. Ke3 Nxa3 46. Kd4 Nc2+ $2 (
46... c3 47. Kxc3 Nc4 48. Rd7+ Kf6 49. e7 $13) 47. Ke5 Ne1 {Kombination der
Woche #16 - Mit} 48. Rd7+ $1 {leitete Kamsky das schwarze Ende ein. Man muss
jedoch feststellen, dass sich Andreas Brühl zuvor mehr als beachtlich gegen
den Top-GM geschlagen hatte. Jetzt allerdings gibt es keine Rettung mehr.} Kh8
(48... Kf8 49. Kf6 $18 {z. B.} c3 50. e7+ Kg8 51. Rd8 $18) (48... Kg8 49. Ne7+
$18 Kh7 50. Nd5+ $1 Kh8 (50... Kg8 51. Nf6+ $18) 51. Nf6 $18) 49. Rd8 $18 Rxd8
50. Nxd8 Nxf3+ 51. Kf6 Nd2 52. e7 1-0

[Event "CCM7 - 14. ORDIX Open"]
[Site "Chess Classic Mainz"]
[Date "2007.??.??"]
[Round "3"]
[White "Meinhardt, Maximilian"]
[Black "Akopian, Vladimir"]
[Result "0-1"]
[WhiteElo "2341"]
[BlackElo "2655"]
[Annotator "Chess Tigers / Mike Rosa"]
[PlyCount "126"]
[EventDate "2007.??.??"]

1. e4 e6 2. d4 d5 3. e5 c5 4. c3 Nc6 5. Nf3 Qb6 6. a3 c4 7. Nbd2 Na5 8. Be2 Bd7
9. O-O Ne7 10. Rb1 Qc7 11. Re1 Nc8 12. Nf1 Nb6 13. Qd2 O-O-O 14. Bd1 Ba4 15.
Bxa4 Nxa4 16. Qf4 Nb3 17. Be3 h6 18. h4 g6 19. N1h2 h5 20. Ng5 Rd7 21. Qf6 Rg8
22. Nxe6 fxe6 23. Qxe6 Rgg7 24. Bg5 Be7 25. Bh6 Rh7 26. Qg8+ Bd8 27. e6 Rdg7
28. Bxg7 Rxg7 29. Qe8 Qc6 30. Qf8 Re7 31. Nf3 Rxe6 32. Rxe6 Qxe6 33. Re1 Qf6
34. Qe8 Nxb2 35. Re5 Nd1 36. Rxd5 Qe7 37. Qxg6 Nxc3 38. Qf5+ Kc7 39. Re5 Qxa3
40. Qf7+ Kb8 41. Qxc4 Na5 42. Qg8 Nc6 43. Re8 Qc1+ 44. Kh2 Qf4+ 45. g3 Qxf3 46.
Rxd8+ Kc7 47. Rf8 Qd5 48. Rf7+ Kb6 49. Qg7 Nxd4 50. Rxb7+ Kc5 51. Qe7+ Qd6 52.
Rc7+ Nc6 53. Qe3+ Kc4 54. Qxa7 Nb5 55. Qb6 $4 $138 (55. Qa2+ $142 $16) 55...
Qxc7 {Kombination der Woche #17 - Maximilian Meinhardt hatte bisher
phasenweise bärenstarkes Spiel gezeigt, doch dann war ihm in Zeitnot ein böser
Schnitzer unterlaufen. Im Angesicht der nun scheinbar unvermeidlichen
Niederlage entgeht ihm jedoch auch noch die Chance, zumindest ein Remis gegen
den haushohen Favoriten einzuheimsen.} 56. Qe3 $4 ({Natürlich, er hätte nach} 
56. Qxc7 $1 Nxc7 {mit} 57. f3 $11 {/\g4= die allerbesten Remischancen gehabt.
Möglicherweise hätte Akopian noch etwas versucht, doch letztlich wird er die
weißen Bauern entweder schlagen oder blockieren müssen.}) 56... Qe5 57. Qc1+
Nc3 58. Qf1+ Kc5 59. Qa6 Qf5 60. Qa3+ Kd4 61. Qb2 Kd3 62. Kg1 Nd4 63. Qa1 Nce2+
0-1

[Event "CCM7 - 14. ORDIX Open"]
[Site "Chess Classic Mainz"]
[Date "2007.??.??"]
[Round "4"]
[White "Mamedyarov, Shakhriyar"]
[Black "Ginsburg, Gennadij"]
[Result "1-0"]
[WhiteElo "2704"]
[BlackElo "2508"]
[Annotator "Chess Tigers / Mike Rosa"]
[PlyCount "41"]
[EventDate "2007.??.??"]

1. d4 d5 2. c4 e6 3. Nc3 c5 4. cxd5 exd5 5. e4 dxe4 6. Bc4 cxd4 7. Qb3 Qd7 8.
Nxe4 Nc6 9. Bd2 a5 10. a4 Bb4 11. Bxb4 axb4 12. Bxf7+ Kf8 13. Bxg8 Rxg8 14. Ne2
Qe6 15. Qd3 b6 16. Rc1 Ba6 17. Qf3+ Ke8 {Kombination der Woche #18 - Mit} 18.
Rxc6 $1 {leitet Weiß die entscheidende Kombination ein. Nach} Qxc6 19. Nf6+
Qxf6 20. Qxa8+ Kf7 21. Qxa6 $18 {deckt die weiße Dame auch noch den Ne2,
weshalb Weiß sogar noch kurz rochieren könnte. Da macht das Weiterspielen
keinen Sinn.} 1-0

[Event "CCM7 - 14. ORDIX Open"]
[Site "Chess Classic Mainz"]
[Date "2007.??.??"]
[Round "4"]
[White "Hausrath, Daniel"]
[Black "Volokitin, Andrei"]
[Result "0-1"]
[WhiteElo "2536"]
[BlackElo "2628"]
[Annotator "Chess Tigers / Mike Rosa"]
[PlyCount "102"]
[EventDate "2007.??.??"]

1. Nf3 c5 2. c4 Nc6 3. Nc3 e5 4. g3 g6 5. Bg2 Bg7 6. O-O d6 7. d3 Nge7 8. Ne1
Be6 9. Nd5 O-O 10. Nc2 Rb8 11. a3 b5 12. b4 a5 13. bxc5 dxc5 14. Nxe7+ Nxe7 15.
cxb5 Rxb5 16. a4 Rb8 17. Ba3 Bb3 18. Qc1 Nf5 19. Bxc5 Rc8 20. Ne3 Nd4 21. Qa3
Nxe2+ 22. Kh1 Re8 23. Qxb3 Rxc5 24. Bd5 Qc7 25. Rae1 Nd4 26. Qb7 Qxb7 27. Bxb7
Rc3 28. Nc4 Nb3 29. Rb1 Rxd3 30. Be4 Rc3 31. Bd5 Rd8 32. Rfd1 Nc5 33. Nxa5 Nd3
34. Nc6 Nxf2+ 35. Kg2 $4 {Kombination der Woche #19 - Mit seinem letzten Zug
hat der deutsche GM einen dicken Bock geschossen. Dagegen hätte es nach} (35.
Kg1 $142 Rxc6 36. Bxf7+ Kxf7 37. Rxd8 Ne4 $13 {noch Diskussionen um die
Verteilung des Punktes geben können. So allerdings nutzte Volokitin die Gunst
des Augenblicks und fuhr den vollen Punkt ein.}) 35... Nxd1 36. Bxf7+ Kf8 $1 ({
Natürlich tappt Schwarz nicht in die gleiche Falle und spielt} 36... Kxf7 $4 {
, denn dann fällt der Turm mit Schach.} 37. Nxd8+ $13) 37. Nxd8 Ne3+ $19 {Des
Pudels Kern - der Springer entkommt per Schachgebot, während die weißen
Figuren zu sehr aufeinander angewiesen sind. Weiß verliert eine Figur.} 38. Kf3
(38. Kf2 Bf6 $19) 38... Nf5+ 39. Kf2 Ke7 $5 (39... Bf6 $19) 40. Rb8 Rd3 (40...
e4 $1 $19) 41. Nc6+ Kxf7 42. Rb7+ Kf6 43. a5 Rd2+ 44. Ke1 Rd6 45. Rb6 Ne7 46.
Nb4 Ke6 47. Rb7 Bh6 48. a6 Bd2+ 49. Ke2 Bxb4 50. a7 Rd2+ 51. Ke3 Ra2 0-1

[Event "CCM7 - 14. ORDIX Open"]
[Site "Chess Classic Mainz"]
[Date "2007.??.??"]
[Round "4"]
[White "Sasikiran, Krishnan"]
[Black "Horvath, Adam"]
[Result "0-1"]
[WhiteElo "2691"]
[BlackElo "2636"]
[Annotator "Chess Tigers / Mike Rosa"]
[PlyCount "84"]
[EventDate "2007.??.??"]

1. d4 Nf6 2. c4 e6 3. Nf3 d5 4. Nc3 dxc4 5. e4 Bb4 6. Bg5 c5 7. e5 cxd4 8. Qa4+
Nc6 9. O-O-O Bd7 10. Ne4 Be7 11. exf6 gxf6 12. Bh4 e5 13. Bxc4 Rc8 14. Kb1 a6
15. Bd3 O-O 16. Rde1 Be6 17. Rc1 b5 18. Qxa6 Ra8 19. Qxc6 Bxa2+ 20. Kc2 Rc8 21.
Kd1 Rxc6 22. Rxc6 Be6 23. Ned2 f5 24. Bxe7 Qxe7 25. Nxe5 Bd5 26. Re1 Bxc6 27.
Nxc6 Qc5 28. Ne7+ Kh8 29. Nxf5 Rc8 30. Nb3 Qb4 31. Nfxd4 Rd8 32. Re4 f5 33. Rf4
Re8 34. Be2 Rd8 35. Bd3 Qa4 36. Kc1 Qb4 37. Kd1 Qa4 38. Ke2 Re8+ 39. Kf3 $4 {
Kombination der Woche #20 - Mit seinem letzten Zug warf Weiß seine zuvor
durchaus realistischen Gewinnchancen schwungvoll über Bord. Schwarz zögerte
nicht lange und schnappte sich den Punkt.} (39. Kf1 $142 $16) 39... Qa8+ 40.
Kg3 {Danach wird Weiß forciert matt. Aber alles andere würde ebenfalls zu viel
Material verlieren.} Rg8+ 41. Kh4 Qxg2 $1 {Trotz seiner vielen Figuren kann
Weiß das Matt nicht verhindern.} 42. Nf3 Rg4+ 0-1